[Event "BEL-ch U18"]
[Site "Blankenberge"]
[Date "2017.04.14"]
[Round "8"]
[White "Bratuszewski, Jorden"]
[Black "Koornstra, Robbert Jan"]
[Result "1/2-1/2"]
[WhiteElo "2076"]
[BlackElo "1706"]
[PlyCount "87"]
[EventDate "2017.04.09"]
[EventType "swiss"]
[EventRounds "9"]
[EventCountry "BEL"]
[SourceTitle "CBM 178 Extra"]
[Source "ChessBase"]
[SourceDate "2017.06.22"]
[SourceVersion "1"]
[SourceVersionDate "2017.06.22"]
[SourceQuality "1"]

1. c4 f5 2. Nc3 g6 3. Nf3 Bg7 4. g3 Nf6 5. Bg2 0-0 6. 0-0 d6 7. d3 e5 8. Bg5 a5 9. a3 h6 10. Bxf6 Qxf6 11. Rb1 c6 12. e3 g5 13. d4 g4 14. dxe5 dxe5 15. Nd2 e4 16. Ne2 Nd7 17. Nf4 Qf7 18. Qc2 Ne5 19. Rfd1 Be6 20. Bf1 Rfd8 21. c5 Rxd2 22. Rxd2 Nf3+ 23. Kg2 Bb3 24. Qc1 Nxd2 25. Qxd2 Be5 26. Be2 Bxf4 27. gxf4 Bd5 28. Qc3 Qg7 29. Bc4 Qxc3 30. Bxd5+ cxd5 31. bxc3 Rc8 32. Rb5 a4 33. Kf1 Rc7 34. Ke2 Kf7 35. Kd2 Kg6 36. Rb6+ Kh5 37. Rf6 Rxc5 38. Rxf5+ Kh4 39. Rf8 Rb5 40. f5 Rb2+ 41. Ke1 Kh3 42. Rh8 Rb1+ 43. Ke2 Rb2+ 44. Ke1 1/2-1/2